El oficio de historiador / (Registro nro. 69094)
[ vista simple ]
| 000 -LEADER | |
|---|---|
| fixed length control field | 00987aam a2200301 i 4500 |
| 001 - CONTROL NUMBER | |
| control field | 69094 |
| 003 - CONTROL NUMBER IDENTIFIER | |
| control field | Mx-PuUPA |
| 005 - DATE AND TIME OF LATEST TRANSACTION | |
| control field | 20220302080948.0 |
| 008 - FIXED-LENGTH DATA ELEMENTS--GENERAL INFORMATION | |
| fixed length control field | 200903s1998 mx a|||gr|||| 001 0 spa d |
| 020 ## - INTERNATIONAL STANDARD BOOK NUMBER | |
| International Standard Book Number | 9789682320712 |
| 040 ## - CATALOGING SOURCE | |
| Original cataloging agency | Mx-PuUPA |
| Language of cataloging | spa |
| Transcribing agency | Mx-PuUPA |
| Modifying agency | Mx-PuUPA |
| Description conventions | rda |
| 041 0# - LANGUAGE CODE | |
| Language code of text/sound track or separate title | spa |
| 100 1# - MAIN ENTRY--PERSONAL NAME | |
| 9 (RLIN) | 10881 |
| Personal name | Moradiellos, Enrique, |
| Dates associated with a name | 1961- |
| Relator term | autor |
| 245 13 - TITLE STATEMENT | |
| Title | El oficio de historiador / |
| Statement of responsibility, etc. | por Enrique Moradiellos |
| 250 ## - EDITION STATEMENT | |
| Edition statement | Quinta edición |
| 264 #4 - PRODUCTION, PUBLICATION, DISTRIBUTION, MANUFACTURE, AND COPYRIGHT NOTICE | |
| Place of production, publication, distribution, manufacture | México, D.F. : |
| Name of producer, publisher, distributor, manufacturer | Siglo XXI editores, |
| Date of production, publication, distribution, manufacture, or copyright notice | 1998 |
| 300 ## - PHYSICAL DESCRIPTION | |
| Extent | xii, 158 páginas : |
| Other physical details | ilustraciones ; |
| Dimensions | 21 cm |
| 336 ## - CONTENT TYPE | |
| Fuente | rdacontent |
| Content type term | texto |
| Content type code | txt |
| 337 ## - MEDIA TYPE | |
| Source | rdamedia |
| Media type term | sin medio |
| Media type code | n |
| 338 ## - CARRIER TYPE | |
| Source | rdacarrier |
| Carrier type term | volumen |
| Carrier type code | nc |
| 650 #4 - SUBJECT ADDED ENTRY--TOPICAL TERM | |
| Topical term or geographic name entry element | Historia |
| General subdivision | Filosofía |
| 650 #4 - SUBJECT ADDED ENTRY--TOPICAL TERM | |
| Topical term or geographic name entry element | Historiografía |
| 650 #4 - SUBJECT ADDED ENTRY--TOPICAL TERM | |
| Topical term or geographic name entry element | Historia |
| General subdivision | Investigación |
| 942 ## - ADDED ENTRY ELEMENTS (KOHA) | |
| Source of classification or shelving scheme | Dewey Decimal Classification |
| Koha item type | Libro |
| Classification part | 907.2 |
| Item part | M827 |
| Withdrawn status | Lost status | Source of classification or shelving scheme | Damaged status | Not for loan | Collection code | Home library | Current library | Shelving location | Date acquired | Source of acquisition | Cost, normal purchase price | Total Checkouts | Full call number | Barcode | Date last seen | Copy number | Cost, replacement price | Price effective from | Koha item type |
|---|---|---|---|---|---|---|---|---|---|---|---|---|---|---|---|---|---|---|---|
| Dewey Decimal Classification | General | Biblioteca Karol Wojtyla | Biblioteca Karol Wojtyla | Sala general | 24/08/2021 | 16 | 299.00 | 907.2 M827 1998 | 101650 | 05/01/2026 | Ej.2 | 299.00 | 24/08/2021 | Libro | |||||
| Dewey Decimal Classification | General | Biblioteca Karol Wojtyla | Biblioteca Karol Wojtyla | Sala general | 24/08/2021 | 16 | 299.00 | 907.2 M827 1998 | 101649 | 05/01/2026 | 299.00 | 24/08/2021 | Libro |